000 00787 a2200169 4500
003 NUST
005 20221229170801.0
040 _cNust
082 _a356.1,ATT
100 _aM.Attiqur Rahman
_948856
245 _aReflections on infantry /
_cLt Gen M. Attiqur Rahman
260 _aKarachi
_bWajidalis
_c1978
300 _a95 p.;
505 _aIntroduction (Page-1), Basic Infantry Postulates and Characteristics (Page-9), Future Infantry Tactics- The Attack and the Defence (Page-28), One Tactical Policy (Page-37), Human Nature and Soldier (Page-46), The Spirit of the Infantry (Page-57), Discipline-A Look Into the Future (Page-67), Training for our Future Infantry (Page-78), Infantry Reforms (Page-90).
650 _aReflections on infantry
_9106433
942 _2ddc
_cBK
_k356.1,ATT
999 _c185602
_d185602